000 00449nam a2200169 a 4500
001 000030523
003 DO-SdBNP
005 20250410123952.0
008 110523s1933 dr 000 0 spa d
040 _aDO-SdBNP
_bspa
_cBNPHU
049 _aBNPD
082 _aT866H
_bT866H
245 1 0 _aRafael Leonidas Trujillo Molina /
_cUlises Heureaux (hijo).
260 _aSanto Domingo :
_bCromos,
_c1933.
300 _a113 p. ;
_c23 cm.
942 _2ddc
_cLBS1
999 _c30015
_d30015